000 00996pam a2200301 4500
001 17182
003 BD-RJUL
005 20211209000112.0
008 140216s1981 mau b 001 0 eng
020 _a0201063476 (pbk.)
035 _a(BD-RJUL)17239
035 _aGLIS00120409
040 _aDLC
_cDLC
_dMYG
_beng
041 _aeng
082 _a658.1
_bROS 1981
100 1 _aRonen, Joshua.
_947266
245 1 0 _aSmoothing income numbers :
_bobjectives, means, and implications /
_cJoshua Ronen, Simcha Sadan.
260 _aReading, Mass. :
_bAddison-Wesley Pub. Co.,
_cc1981.
300 _axii, 148 p. ;
_c21 cm.
490 1 _aAddison-Wesley paperback series in accounting
504 _aIncludes bibliographical references and index.
650 0 _aIncome accounting.
_912850
650 0 _aSmoothing (Statistics)
_952991
700 1 _aSadan, Simcha, Jt. auth.
_952992
830 0 _aAddison-Wesley paperback series in accounting.
_9176592
942 _2ddc
_cBK
999 _c17182
_d17182